LEADER 01158nam 2200385 450 001 990001029660203316 035 $a0102966 035 $aUSA010102966 035 $a(ALEPH)000102966USA01 035 $a0102966 100 $a20020312d--------km-y0itay0103----ba 101 $afre 102 $aFR 110 $aaha-------- 200 1 $aBulletin signaletique$epert 523$ehistoire des sciences de la littérature 210 $aParis$cCentre National de la Recherche scientifique$cCentre de Documentation Sciences Humaines 215 $av.$d31 cm 326 $aTrimestrale 410 $12001 421 1$1001-------$12001 430 1$1001-------$12001 606 $aLetteratura$xperiodici 676 $a800 801 0$aIT$bsalbc$gISBD 912 $a990001029660203316 958 $aLM$bPERIODICI$c23 (1969)- scompleti 1982 959 $aSE 969 $aUMA 979 $aPATTY$b90$c20020312$lUSA01$h1712 979 $aPATTY$b90$c20020312$lUSA01$h1713 979 $aPATTY$b90$c20020325$lUSA01$h1744 979 $c20020403$lUSA01$h1743 979 $aPATRY$b90$c20040406$lUSA01$h1711 996 $aBulletin signaletique$9977078 997 $aUNISA LEADER 01192nam0-22003131--450- 001 990009231460403321 005 20101007102504.0 035 $a000923146 035 $aFED01000923146 035 $a(Aleph)000923146FED01 035 $a000923146 100 $a20101007d1836----km-y0itay50------ba 101 0 $ager 102 $aDE 105 $ay-------001yy 200 1 $a<>romische Privatrecht und der Civilprozess bis in das erste Jahrhundert der Kaiserherrschaft$eein Hulfsbuch zur Erklarung der alten Classiker, vorzuglich fur Philologen$fnach den Quellen bearbeitet von Wilhelm Rein 210 $aLeipzig$cKoehler$d1836 215 $aXXXIV, 537 p.$d21 cm 300 $aSul front: Mit einer geschichtlichen Uebersicht der romischen Verfassungsgeschichte und der Rechtsquellen bis auf Justinianus 676 $a340.5$v11 rid.$zita 700 1$aRein,$bWilhelm$075454 801 0$aIT$bUNINA$gRICA$2UNIMARC 901 $aBK 912 $a990009231460403321 952 $aFerrara A 60$b38060$fFGBC 952 $aIV B 53$b13332$fFGBC 959 $aFGBC 996 $aRomische Privatrecht und der Civilprozess bis in das erste Jahrhundert der Kaiserherrschaft$9773060 997 $aUNINA